[Event "ISR-ch"]
[Site "Tel Aviv"]
[Date "2002.11.26"]
[Round "2"]
[White "Postny, Evgeny"]
[Black "Smirin, Ilia"]
[Result "0-1"]
[WhiteElo "2497"]
[BlackElo "2683"]
[Annotator "Hazai,L"]
[PlyCount "80"]
[EventDate "2002.11.24"]
[EventType "swiss"]
[EventRounds "9"]
[EventCountry "ISR"]
[SourceTitle "CBM 093"]
[Source "ChessBase"]
[SourceDate "2003.04.01"]
[SourceVersion "1"]
[SourceVersionDate "2003.04.01"]
[SourceQuality "1"]

1. d4 Nf6 2. c4 g6 3. f3 c5 {This is probably the best reaction against
White's Anti-Grunfeld setup. Black may transpose to an acceptable f3 Benoni,
A65.} 4. d5 Bg7 (4... d6 {doesn't allow White's tricky plan Nh3-f2.}) 5. Nc3 (
5. Nh3 d6 6. Nf2 b5 $5 (6... O-O 7. Nc3 e6 8. e4 exd5 9. cxd5 {is a good
version of the f3 Benoni for White, because he can finish his development by
Be2 and 0-0.}) 7. cxb5 a6) 5... O-O {White was threatening to regroup his
pieces via Nh3-f2. After e4 and Be2 he can achieve the ideal setup in this
Benoni line.} (5... d6 {was required against Nh3, after which White has some
problems with his >> development.}) 6. Nh3 $1 {White grasps the opportunity to
put his N on f2.} d6 (6... e5 7. Nf2 d6 {- 6...d6}) 7. Nf2 e5 $1 (7... e6 8. e4
exd5 9. cxd5 {- Bykhovsky-Zoler, Ramat Aviv 2000 CBM 77}) 8. e4 (8. g4 $5 {
is a very original idea preventing Black from Nh5 and later play e4.} Ne8 (8...
h5 9. h3 e4 10. g5 $16) 9. h4 f5 10. e4 $14 {We have reached a typical Samish
position.} Bf6 11. Bh6 (11. g5 Be7 {/\ Ng7-h5, h7-h6}) 11... Rf7 12. exf5 gxf5
13. g5 Bh8 14. Qd2 Ng7 15. h5 $16) 8... Nh5 (8... Ne8 9. Be2 $14) 9. Be3 (9. g3
$1 {was required and after} f5 {White can quietly finish the development of
the >> by} 10. Be2) 9... f5 10. Qc2 (10. g3 $2 {is now always answered by} f4
$1 $17) 10... Na6 11. a3 Nc7 12. b4 {White begins his operations on the <<,
but from now on he has a big problem: where to put his K?} (12. O-O-O {gives
Black good attacking chances on the <<:} a6 13. exf5 (13. b4 f4 14. Bd2 cxb4
15. axb4 a5 $132) (13. Kb1 Rb8 $13 {/\ b5}) 13... gxf5 14. Bd3 b5 15. g4 Nf4
$132 {with very good counterchances.}) 12... b6 13. Rb1 Ne8 (13... Bf6 {
/\ Bg5 is parried by} 14. Qc1) 14. Qc1 $6 {This is rather useless, but it is
not easy to finish the development of the >>.} (14. Bd3 Nf4 15. O-O {may run
into a direct >> assault after} Nxd3 16. Qxd3 f4 17. Bd2 h5 $13) 14... Bd7 (
14... f4 $2 {closes the >>.} 15. Bd2 $14) 15. bxc5 (15. Bg5 Bf6 16. Bh6 Bg7 17.
Bg5 $11 {was at least a try for repeating moves.}) 15... dxc5 {/\ Nd6} (15...
bxc5 $13 {was also possible.}) 16. a4 Nd6 (16... a5 {/\ Nd6 is strongly met by}
17. Qb2 Ra6 18. Nb5) 17. a5 Rb8 18. axb6 (18. Nb5 $5 {looked interesting.} Bxb5
19. cxb5) 18... axb6 19. Be2 (19. Bg5 Qe8 (19... Bf6 20. Bh6)) 19... Nf4 20.
O-O $6 (20. Bf1 {was the last try for a repetition of moves:} Ra8 21. g3 Nh5
22. Bg5 Bf6 23. Bh6) 20... Qg5 (20... Nxe2+ 21. Nxe2 f4 22. Bd2 h5 $36 {
was also tempting with a direct -> on the >>.}) 21. g3 Nxe2+ 22. Nxe2 Qe7 {
Black wants to keep the tension as long as possible as real tacticians do.} ({
However} 22... f4 23. Bd2 Qh5 24. g4 Qh4 25. Kg2 b5 $36 {was also an
alternative, Black is better on both flanks.}) 23. Qc2 h5 (23... f4 24. gxf4
Bh6 (24... exf4 25. Bxf4) 25. Nd3) 24. Bd2 g5 {Black's attacking plan is as
flexible as possible.} 25. Ra1 {/\ Ra7} Rb7 {against Ra7.} 26. Qc1 g4 27. fxg4
hxg4 28. exf5 Bxf5 {Now White has lost his [+].} 29. Bh6 Qe8 30. Bxg7 Rxg7 31.
Ra6 Qh5 {Black's -> is already very dangerous.} 32. Nd1 (32. Rxb6 Rh7 $19)
32... Rh7 33. Rf2 Ne4 34. Rg2 Ng5 $19 35. Nf2 Nf3+ 36. Kf1 (36. Kh1 $2 Qxh2+
37. Rxh2 Rxh2#) 36... Qg6 37. Qa1 Nxh2+ 38. Ke1 Nf3+ 39. Kf1 Bd3 40. Qc3 Nd4
0-1

[Event "London Classic 11th"]
[Site "London"]
[Date "2019.12.07"]
[Round "2.2"]
[White "Aronian, Levon"]
[Black "Carlsen, Magnus"]
[Result "1/2-1/2"]
[WhiteElo "2775"]
[BlackElo "2872"]
[Annotator "Edouard,R"]
[PlyCount "162"]
[EventDate "2019.12.02"]
[EventType "k.o."]
[EventRounds "2"]
[EventCountry "ENG"]
[SourceTitle "CBM 194"]
[Source "ChessBase"]
[SourceDate "2020.01.27"]
[SourceVersion "1"]
[SourceVersionDate "2020.01.27"]
[SourceQuality "1"]

1. d4 Nf6 2. c4 g6 3. f3 Nc6 $5 4. d5 Ne5 5. e4 d6 6. Nc3 Bg7 (6... c6 7. f4
Ned7 8. Nh3 Nc5 9. Nf2 Bg7 10. Be2 O-O 11. Be3 cxd5 12. cxd5 Qa5 13. O-O $14 {
wasn't satisfying for Black in the game Ding Liren (2804)-Svidler,P (2756)
Porto Carras 2018, 1-0 (41).}) 7. f4 Ned7 8. Be3 $5 (8. Nh3 O-O 9. Be2 Nc5 10.
Nf2 {used to be the main line, but then Black found} e5 $5 11. fxe5 (11. dxe6
fxe6 12. Be3 b6 13. Qc2 Bb7 14. O-O-O Nfd7 $13 {½-½ (51) Cheparinov,I (2703)
-Najer,E (2706) Kocaeli 2017}) 11... Ne8 $1 12. Bf4 (12. exd6 Nxd6 $44 {
0-1 (32) Laznicka,V (2679)-Salgado Lopez,I (2622) Dubai 2014}) 12... Qe7 $1 13.
Rc1 Bxe5 14. Bxe5 Qxe5 15. b4 Nd7 16. O-O a5 17. a3 axb4 18. axb4 c5 $5 19.
dxc6 bxc6 $13 {½-½ (33) Moiseenko,A (2635)-Baron,T (2531) Douglas 2019.})
8... O-O 9. Be2 e6 10. dxe6 fxe6 11. h4 $5 ({Black could never prove equality
after} 11. Nh3 {- so I actually wonder what was Magnus' idea.} b6 12. O-O Bb7
13. Qc2 (13. Bf3 $5 Rb8 14. Qc2 Qe7 15. Rad1 a6 16. b4 Ba8 17. a3 Bh6 18. Bc1
$14 {0-1 (50) Vocaturo,D (2607)-Svidler,P (2760) Antalya 2017}) 13... Nc5 14.
Bf3 e5 (14... Nfd7 15. b4 Na6 16. a3 Qe7 17. Rad1 $16 {½-½ (58) Dziuba,M 
(2556)-Tomczak,J (2615) Poland 2017}) (14... Rb8 15. b4 Ncd7 16. Rae1 Qe7 17.
a3 $14 {½-½ (35) Baldauf,M (2493)-Esipenko,A (2616) Karlsruhe 2019}) 15. f5
a5 16. g4 h6 17. Rad1 Nh7 18. Qg2 g5 19. Nf2 Bf6 20. Nh1 Bc6 21. Ng3 $16 {
1-0 (69) Fedoseev,V (2680)-Trjapishko,A (2512) Yaroslavl 2019}) 11... b5 $146 (
11... b6 12. h5 Bb7 (12... Nxh5 13. Bxh5 gxh5 14. Qxh5 Bxc3+ 15. bxc3 Qe7 {
may be playable}) 13. hxg6 hxg6 14. Qc2 e5 15. f5 Nc5 16. Bxc5 dxc5 17. Rd1 Qe7
18. g4 Ne8 19. Nf3 $16 {1-0 (28) De Jong,J (2454)-Wagner,D (2490) Netherlands
2014}) (11... e5 $6 12. f5 $16) (11... Qe7 $5 $146 {may also be playable:} 12.
h5 (12. g4 $5) 12... gxh5 13. Bxh5 Nxh5 14. Qxh5 Bxc3+ 15. bxc3 Rf7 $132) 12.
cxb5 Bb7 13. Qb3 $1 Kh8 (13... Nxe4 $4 14. Nxe4 Bxe4 15. Qxe6+ $18) 14. Bf3 e5
15. Nh3 $1 {Black has practical compensation for the pawn, but not enough of
it objectively.} Nh5 (15... a6 {looked natural. After} 16. O-O-O $5 (16. Ng5
exf4 17. Ne6 Qe7 18. Nxf8 fxe3 19. Ne6 Ne5 $44) 16... axb5 17. h5 gxh5 18. f5 {
Black's position remains difficult.}) 16. Bxh5 gxh5 ({Better may have been} 
16... exf4 17. Nxf4 Nc5 $1 18. Bxc5 Rxf4 19. g3 Rf8 20. O-O-O gxh5 $16) 17. f5
Nf6 18. Nf2 {A good but timid move.} ({When watching the game, I was thinking
Aronian would definitely have dared to play} 18. Ng5 {if his opponent wasn't
Magnus Calsen!}) 18... a6 19. b6 $5 (19. bxa6 Bxa6 {opens columns and
diagonals, which White prefer to avoid.}) 19... cxb6 20. Bxb6 (20. Rd1 b5 21.
O-O {was enough for a clear advantage.}) 20... Qd7 21. Rd1 Rac8 (21... Rfb8 22.
Qe6 $5 (22. Qc2 $5) 22... Qxe6 23. fxe6 Re8 24. Bc7 Rxe6 25. Rxd6 Rxd6 26. Bxd6
Rd8 27. Bxe5 Re8 28. Bd4 Bxe4 29. O-O {and Black is far from equalizing, for
example:} Bg6 30. Nh3 Ne4 31. Bxg7+ Kxg7 32. Nxe4 Rxe4 33. Rf4 Re2 34. Rf2 Re4
35. Nf4 $16) (21... Rab8 22. Ba7 Rbc8 23. Be3 $16) (21... d5 22. exd5 Qxf5 23.
O-O {doesn't bring Black enough compensation either.}) 22. Be3 h6 23. Rh3 d5 $5
(23... Ba8 24. Qe6 $16) 24. exd5 Ba8 25. Rf3 Rb8 26. Qc2 Rfc8 27. Qe2 (27. Qd2
Kh7 28. Nfe4 Nxe4 29. Nxe4 {looked winning to me, but after} Rb5 $1 {Black
does keep some chances.}) 27... Qf7 28. Qd2 (28. Rg3 $1 {would have won the
game:} Nxd5 (28... Bxd5 29. Qd2 $18) 29. Nxd5 Bxd5 30. Bxh6 $1 Bxh6 31. Rg6 $1
$18) 28... Kh7 29. Nfe4 Nxe4 30. Nxe4 Rd8 31. f6 Bf8 32. Qc2 Kh8 33. Nc3 Rb4
34. Qf2 Bxd5 35. Bc5 $2 {Tempting, but bad!} (35. Rf5 $5 {was strong.}) ({
So was the clever} 35. Bb6 $5 Rd7 36. Bc5 $1 Bxf3 (36... Rd4 {no longer works
due to} 37. Bxf8 $18) 37. Rxd7 Qxd7 38. Bxb4 Bxb4 39. Qxf3 Qd4 40. Qg3 $18)
35... Rd4 $3 {Suddenly Black is back in the game.} 36. Bxd4 Bxf3 37. gxf3 exd4
38. Rxd4 Rb8 $2 (38... Qxf6 39. Rxd8 Qxd8 {with great drawing chances for
Black, due to the weakness of the h4-pawn.}) 39. Qh2 Rb6 40. Nd5 Qe6+ 41. Qe2
Qg8 42. Kf1 Re6 43. f7 $2 {At first, that looked to me like an amazing shot -
but it is a bad move!} (43. Qh2 Rc6 44. Rd1 {and Black doesn't have any
compensation.}) 43... Qxf7 44. Rf4 Qg6 $1 {Probably the ressource overlooked
by Aronian.} 45. Rxf8+ (45. Re4 Rc6 $132) 45... Kg7 46. Qd1 (46. Rg8+ Kxg8 47.
Ne7+ Rxe7 48. Qxe7 Qb1+ $11) 46... Kxf8 47. Nf4 Qe8 48. Nxe6+ Qxe6 {White has
an extra pawn, but can't pary both of Black's threats: ...Qxa2 and ...Qh3+.}
49. Qd8+ Kf7 50. Qc7+ Ke8 51. Qb8+ Kd7 52. Qb7+ Kd8 53. Qb8+ Kd7 54. Qa7+ Ke8
55. b3 Qh3+ 56. Ke2 Qxh4 {The only thing Black should be careful of is not to
exchange queens under bad circumstances. But it is certainly not going to
happen!} 57. Qb8+ (57. Qxa6 Qh2+ 58. Kd3 h4 $11) 57... Ke7 58. Qc7+ Kf8 59.
Qc5+ Kg7 60. Qe5+ Kg8 61. a4 Qh1 62. Qb8+ Kf7 63. Qf4+ Ke8 64. Qb8+ Kd7 65.
Qa7+ Kd8 66. Qd4+ Ke8 67. Qe5+ Kd7 68. Qd4+ Ke8 69. b4 Qg2+ $5 ({There was
nothing wrong with} 69... h4 {either.}) 70. Qf2 Qg5 $1 {Now it's an easy draw.}
71. f4 (71. Qe3+ Kd7 $11) 71... Qd5 72. Qe3+ Kf7 73. Qa7+ Ke8 74. Qc5 Qa2+ 75.
Kf3 Qxa4 76. Qxh5+ Ke7 77. Qe5+ Kf7 78. Qd5+ Kg7 79. Qd4+ Kf7 80. Qd5+ Kg7 81.
Qd4+ Kf7 1/2-1/2

[Event "FRA-chT Top 16 GpB"]
[Site "Paris"]
[Date "2006.02.04"]
[Round "2"]
[White "Dautov, Rustem"]
[Black "Grischuk, Alexander"]
[Result "1/2-1/2"]
[WhiteElo "2589"]
[BlackElo "2717"]
[Annotator "Dautov,R"]
[PlyCount "69"]
[EventDate "2006.02.03"]
[EventType "team"]
[EventRounds "11"]
[EventCountry "FRA"]
[SourceTitle "CBM 111"]
[Source "ChessBase"]
[SourceDate "2006.04.04"]
[SourceVersion "1"]
[SourceVersionDate "2006.04.04"]
[SourceQuality "1"]

1. d4 Nf6 2. c4 g6 3. g3 c5 4. Nf3 Bg7 5. Bg2 O-O 6. Nc3 cxd4 7. Nxd4 Qc7 8.
Nd5 Nxd5 ({Nach} 8... Qxc4 9. Nxe7+ Kh8 10. Nxc8 Rxc8 11. O-O Nc6 12. Nc2 {
hat Weiß m.E. Chancen auf Vorteil.} Re8 (12... Ne4 13. Ne3 Qe6 14. Nd5 f5 15.
Be3 Qe5 16. Nc3 Nxc3 17. bxc3 $14 {Borovikov,V (2595)-Iskusnyh,S (2472)/
Pardubice 2005}) 13. Ne3 Qe6 14. Nd5 Nxd5 15. Bxd5 Qxe2 16. Bxf7 Re7 17. Qxe2
Rxe2 18. Rb1 $11 {Wojtaszek,R (2569)-Fressinet,L (2638)/Warsaw 2005}) 9. cxd5
Qa5+ $5 $146 {Eine interessante Neuerung. Schwarz lockt den weißen Läufer nach
c3 bevor er zu e7-e5 greift.} (9... e5 10. dxe6 dxe6 11. O-O Rd8 12. Qc2 Qxc2
13. Nxc2 Nc6 14. Bg5 Re8 15. Rab1 h6 16. Be3 Bd7 17. Rfd1 Red8 $11 {Baburin,A 
(2591)-Gallagher,J (2558)/Birmingham 2000}) (9... d6 10. O-O Bd7 11. Be3 $14)
10. Bd2 Qb6 11. Bc3 ({Nach} 11. Be3 Qxb2 12. O-O d6 13. Qd3 Qb4 {hat Weiß im
besten Fall ausreichende Kompensation für den Bauern.}) 11... e5 $1 12. dxe6 $2
{Trotz des ausführlichen Nachdenkens traf ich hier die falsche Entscheidung.
Nach dem Textzug hat Schwarz ein leichteres Spiel, richtig war 12.Nb3.} (12.
Nb3 d6 13. O-O Nd7 14. Nd2 Qa6 15. a4 $14 {, und Weiß hat einen Minivorteil.})
12... dxe6 13. e3 (13. Nf3 Bxc3+ 14. bxc3 Bd7 15. O-O Bc6 16. Qd4 Nd7 $15)
13... e5 14. Nb3 Nc6 15. O-O Be6 $15 {Die schwarzen Figuren sind besser
koordiniert, während Bc3 und Nb3 in ihrer Wirkung eingeschränkt sind.} 16. Nd2
Nb4 ({Vielversprechender war} 16... f5 $1 17. e4 $2 (17. b3 e4 18. Bxg7 Kxg7
$15) 17... f4 $17) 17. Qa4 Nd5 18. Qa3 Nxc3 (18... Rfc8 19. Rfc1 Bf8 20. Qa4
Nxc3 21. bxc3 Qc7 22. Rab1 $15) 19. bxc3 Rac8 20. Rab1 (20. Rfb1 Qa6 21. Qe7
Qa5 $15) 20... Qa6 21. Qxa6 bxa6 22. c4 (22. Rfc1 $6 Bxa2 23. Ra1 Be6 24. Rxa6
Rc7 25. Rca1 Rd8 26. Ne4 Bc4 $17) 22... Rfd8 {Schwarz steht eindeutig besser,
seine Läuferpaar und Figurenaktivität überwiegen die leichte Verschlechterung
der Bauenstruktur.} 23. Rfd1 f5 24. Bf1 {Gespielt mit der Absicht Nb3.} (24.
Bb7 Rc7 25. e4 fxe4 26. Bd5 Bxd5 27. cxd5 e3 28. fxe3 Rxd5 29. Ne4 Rxd1+ 30.
Rxd1 h6 $15) 24... Bf6 (24... e4 25. Nb3 Rxd1 26. Rxd1 Bxc4 27. Bxc4+ Rxc4 28.
Rd8+ $11) 25. Rbc1 (25. Nb3 $2 Bxc4 26. Rxd8+ Bxd8 $17) 25... Be7 26. Nb3 Rxd1
27. Rxd1 Bxc4 $2 $138 {Hier ließ Alexander nach, viel unangenehmer wäre für
mich die ruhige Verbesserung der Stellung mit 27...Kf7.} (27... Kf7 $1 28. Rc1
Bb4 {/\a5-a4}) 28. Rd7 $138 Kf8 29. Rxa7 Bd5 $2 (29... Bb5 $11) 30. Rxa6 Rc2
31. Ra5 Be4 32. Bg2 Bd3 33. Bf1 $2 {Hier sollte ich selbstverständlich
anfangen, auf Gewinn zu spielen, aber in Zeitnot konnte ich nicht umschalten.}
(33. Rxe5 Rxa2 34. h3 $16) 33... Be4 34. Bg2 Bd3 35. Bf1 1/2-1/2

[Event "EU-chT (Men) 12th"]
[Site "Batumi"]
[Date "1999.12.01"]
[Round "3.1"]
[White "Jussupow, Artur"]
[Black "Lanka, Zigurds"]
[Result "1-0"]
[WhiteElo "2636"]
[BlackElo "2504"]
[Annotator "Hazai,L"]
[PlyCount "89"]
[EventDate "1999.11.06"]
[EventType "team-swiss"]
[EventRounds "9"]
[EventCountry "GEO"]
[SourceTitle "CBM 074"]
[Source "ChessBase"]
[SourceDate "2000.02.01"]
[SourceVersion "1"]
[SourceVersionDate "2000.02.01"]
[SourceQuality "1"]
[WhiteTeam "Germany"]
[BlackTeam "Latvia"]
[WhiteTeamCountry "GER"]
[BlackTeamCountry "LAT"]

1. d4 Nf6 2. c4 g6 3. g3 Bg7 4. Bg2 O-O 5. Nf3 d6 6. O-O Nc6 7. d5 Na5 8. Nbd2
(8. Nfd2 c5 9. Nc3 {leads to the main line E66}) 8... c5 {The question is
where is the N better placed on f3 or c3? I think on c3, because now White
begins to improve his N's position via Nf3-e1-c2.} 9. Ne1 (9. e4 Bd7 $1 {
/\ b5 and taking back on b5 by the B, which is a good version of the Benko
Gambit because Black is not a P down.} (9... Rb8 {/\ b5 however is also worthy
of consideration.} 10. Rb1 b5 11. cxb5 (11. b4 $5 cxb4 (11... Nxc4 $2 {may win
a P, but White gets a strong [+] and active pieces for it.} 12. bxc5 Nxd2 13.
Nxd2 dxc5 14. Nb3 Nd7 15. Bf4 $44) 12. Rxb4 Ba6 $11 {with mass exchanges on
the b <->.}) 11... Rxb5 {(Antoshin-Khasin, SU 1956)} 12. Ne1 $5 {+/= /\ Nc2
ECO, but it is not that clear, for example:} Rb8 13. Nc2 Ba6 14. Re1 Nd7 15. b4
Nc4 $36) 10. Rb1 b5 11. b3 Rb8 12. Qc2 bxc4 13. bxc4 Rxb1 14. Qxb1 Qc7 15. Qc2
Rb8 $11 {Dizdarevic-Lanka, Croatia 1993}) 9... b5 (9... Rb8 10. Rb1 b5 11. cxb5
Rxb5 12. Nc2 {- 9...b5}) 10. cxb5 Rb8 (10... Bd7 11. Nc2 (11. a4 a6 12. bxa6 {
is already very similar to the Benko Gambit, where White has already weakened
his << by a2-a4.} Rxa6 (12... Bc8 13. Nc2 Bxa6 {is a time consuming operation
because of} 14. Rb1 {/\ b4}) 13. Rb1 (13. Nc2 Rb6 $1 $44 (13... Qb6 14. Ra3 $14
{Dautov})) 13... c4 14. Qc2 Qc8 $5 $44 {and Black has enough pressure on the
<< for the P.}) (11. Rb1 {/\ b4 as usual.} Bxb5 12. b4 cxb4 13. Nc2 Qd7 14.
Rxb4 Rab8 15. Ba3 Ba4 16. Qb1 Rxb4 17. Qxb4 Bxc2 18. Qxa5 Rc8 19. Qa6 Ne8 20.
Nc4 Rc7 21. Rc1 Qa4 22. Qxa4 Bxa4 $10 {Bricard-Barcenilla, Manila 1992}) 11...
Bxb5 12. Rb1 Rc8 (12... Rb8 $5 {is a serious alternative, because the R's
natural place is on the b <->.} 13. b4 (13. Re1 Nc4 (13... Ng4) (13... Nd7) 14.
b3 Nb6 15. e4 Nfd7 $13 {>< d3}) (13. b3 e6 $132 {and Black fights back in the 
[+].}) 13... cxb4 14. Nxb4 Qd7 $11 {and Black has successfully finished his
development.}) 13. Re1 Qd7 14. Na3 Ba6 15. Ne4 Nxe4 16. Bxe4 e6 17. Bf4 e5 18.
Bd2 f5 19. Bg2 Nc4 $13 {Smejkal-Stangl, Altensteig 1991}) (10... a6 {-
Kochyev-Shulman, RUS-Cup 1997 CBM 62}) (10... Qb6 {- Borovikov-Bologan,
Nikolaev zt 1993 CBM 35}) 11. Nc2 ({Defending the P by} 11. a4 {leads to a
very comfortable Benko Gambit type of position after} a6 12. bxa6 Bxa6 $44 {
when the B is already on the important f1-a6 /^.}) (11. Rb1 Rxb5 12. b3 {
/\ Bb2 comes into consideration.} (12. Nc2 {- 11.Nc2})) 11... Rxb5 12. Rb1 e6 {
The opening up of the position in the [+] helps White.} ({It was better to
keep the structure by the normal} 12... Ba6 $1 13. Re1 c4 14. e4 Nd7 15. b4
cxb3 16. Nxb3 Nxb3 17. axb3 {(Dorfman-Smejkal, Moscow 1989)} Nc5 $1 $11 {
Dorfman}) (12... Bf5 {is less clear to me.} 13. h3 ({It would be better beeing
provoked after} 13. e4 $5) 13... Qd7 14. Kh2 Bxc2 15. Qxc2 Qb7 16. e4 {
(Dzhandzhava-A.Kuzmin SU 1987)} Nd7 17. b3 Rc8 $13 {/\ c4}) 13. b4 $1 cxb4 14.
dxe6 {This is an important zwischenzug. Now Black has to decide how to take
back the P.} (14. Nxb4 Qb6) 14... Bxe6 {This move creates an isolated P and
will lose the ^^ soon.} (14... fxe6 {looks safer, for example:} 15. Nxb4 Bb7 (
15... Qb6)) 15. Nd4 $1 {This is the point! White will get back the b P anyway,
but first wins the ^^.} (15. Nxb4 Qb6) 15... Rb8 16. Nxe6 fxe6 17. Qa4 d5 (
17... Nd5 {looks ugly, although Black has some activity for the corrupted P
structure.} 18. Bxd5 exd5 19. Rxb4 Rxb4 20. Qxb4 Qb6 21. Qg4 $14) 18. Rxb4 Rxb4
19. Qxb4 Qb6 (19... Nc6 20. Qa4 Qb6 21. Ba3 Rb8 {- 19...Qb6}) 20. Ba3 Rb8 (
20... Rc8 {runs into} 21. Bh3 $1) 21. Qa4 $14 Qb5 (21... Nc6 22. Rb1 Qc7 23.
Rc1 $14 ({or} 23. Rxb8+ Nxb8 24. Bh3 $14)) 22. Qxb5 Rxb5 23. Rc1 {In the _|_
White has the ^^, and Black's P structure is not very nice, but his pieces are
not so active yet.} Ne8 (23... Nd7 24. e4 $14) 24. e4 Bf8 (24... d4 25. f4 {
/\ e5}) (24... Nc4 25. Nxc4 dxc4 26. Bf1 Ra5 27. Bb4 Ra4 28. Rxc4 a5 29. Rc8
Rxb4 30. Rxe8+ Kf7 31. Ra8 $14 {and in spite of the ^- White still has some
chances.}) 25. Rc8 Bxa3 26. Rxe8+ Kf7 27. Ra8 Nc6 28. Nb3 {[#]} Bb2 $4 {
[%mdl 8192] After this blunder Black loses material and the rest is technique.}
(28... g5 29. Rc8 Ne7 30. Rc7 a5 31. Ra7 $14) (28... Kf6 {was perhaps the best
defence.} 29. Rc8 Nb4 30. Rf8+ Ke7 31. Ra8 Rb7) 29. exd5 exd5 30. a4 $1 $18 Rb4
(30... Rxb3 $4 31. Bxd5+ {was probably overseen.}) 31. Bxd5+ Kf6 32. Bxc6 Rxb3
33. Rxa7 Bd4 34. Rf7+ $1 Kxf7 35. Bd5+ Kf6 36. Bxb3 {White can create passed
pawns on both flanks which is usually a guarantee for the win in the _|_ of ^-.
} Bb6 37. Kg2 g5 38. f4 h6 39. Kf3 Bg1 40. h3 Bb6 41. Kg4 Bc7 42. fxg5+ hxg5
43. h4 gxh4 44. Kxh4 (44. gxh4 $4 {creates a bad B and draw!}) 44... Ba5 45.
Kh5 1-0